Lịch sử văn học thế hệ 1932 : Sinh hoạt phê bình văn học . t. I : Các vụ án báo chí, vụ án Phan Khôi, vụ án Tản Đà, Phan Khôi /
Gespeichert in:
| 1. Verfasser: | |
|---|---|
| Format: | Sách giấy |
| Sprache: | Vietnamese |
| Veröffentlicht: |
Sài Gòn :
Đại học Văn khoa ,
1966
|
| Tags: |
Tag hinzufügen
Keine Tags, Fügen Sie den ersten Tag hinzu!
|
| Thư viện lưu trữ: | Thư viện Trường Đại học Đà Lạt |
|---|
| LEADER | 00718nam a2200253 4500 | ||
|---|---|---|---|
| 001 | DLU020014224 | ||
| 005 | ##6/26/2000 | ||
| 020 | # | # | |a 978- |
| 041 | # | # | |a vie |
| 082 | # | # | |a 895.922 |b TH-L |
| 090 | # | # | |a 895.922 |b TH-L |
| 100 | # | # | |a Thanh Lãng |
| 245 | # | # | |a Lịch sử văn học thế hệ 1932 : |b Sinh hoạt phê bình văn học . |n t. I : |p Các vụ án báo chí, vụ án Phan Khôi, vụ án Tản Đà, Phan Khôi / |c Thanh Lãng |
| 260 | # | # | |a Sài Gòn : |b Đại học Văn khoa , |c 1966 |
| 300 | # | # | |a 323 tr.; |c 26 cm. |
| 992 | # | # | |a 485 |
| 994 | # | # | |a DLU |
| 900 | # | # | |a False |
| 911 | # | # | |a Administrator |
| 925 | # | # | |a G |
| 926 | # | # | |a A |
| 927 | # | # | |a SH |
| 980 | # | # | |a Thư viện Trường Đại học Đà Lạt |